بو ۓ بہشت (Record no. 188124)

MARC details
000 -LEADER
fixed length control field 00714nam a22001937a 4500
005 - DATE AND TIME OF LATEST TRANSACTION
control field 20220510153525.0
010 ## - LCCN (DPL NO)
LC control number UR-11541
020 ## - INTERNATIONAL STANDARD BOOK NUMBER
Terms of availability 395.00
International Standard Book Number 9789390579204
035 ## - SYSTEM CONTROL NUMBER
System control number U-10096
037 ## - SOURCE OF ACQUISITION
Source of stock number/acquisition DBAD/PUB
Stock number -
082 ## - DEWEY DECIMAL CLASSIFICATION NUMBER
Classification number 841
Edition number Ist
100 ## - MAIN ENTRY--PERSONAL NAME
Personal name محمد ا حسن ،ا حسن شکا ر پو ر ی
245 ## - TITLE STATEMENT
Title بو ۓ بہشت
Statement of responsibility, etc محمد ا حسن ،ا حسن شکا ر پو ر ی
Medium ا ر د و
246 ## - VARYING FORM OF TITLE
Remainder of title Buai Bahisht (Urdu)
Title proper/short title by Mohd. Ahsan ,Ahsan Shikar puri
260 ## - PUBLICATION, DISTRIBUTION, ETC. (IMPRINT)
Place of publication, distribution, etc N.Delhi
Name of publisher, distributor, etc Applied Books
Date of publication, distribution, etc 2021ء
270 ## - ADDRESS
Address 1739/104,M.P. Street Pataudi House Darya Ganj ,
City New Delhi
Postal code 110002
Telephone number 23266347
Fax number -
300 ## - PHYSICAL DESCRIPTION
Extent 564 ص
Dimensions 22 Cm(Hb)
942 ## - ADDED ENTRY ELEMENTS (KOHA)
Source of classification or shelving scheme Dewey Decimal Classification
Item type Urdu Bks
Classification part 841
Call number suffix ا ح س

No items available.


© Delhi Public Library
Hit Counter
free hit counter